KINEX, a.s. analýza spoločnosti

Charakteristika spoločnosti KINEX, a.s., Bytča. Predmetom výroby je strojárstvo - ložiská, špeciálne náradie, obrábacie stroje, meradlá atď. Aktíva a štruktúra pasív spoločnosti. Priaznivé hospodárske výsledky.

Enregistré dans:
Détails bibliographiques
Auteur principal: Vlkolinský, Robert
Format: Chapitre de livre
Langue:slovaque
anglais
Sujets:
Tags: Ajouter un tag
Pas de tags, Soyez le premier à ajouter un tag!

MARC

LEADER 00000naa$a2200000$$$4500
001 0002964
005 20230426121110.6
041 0 |a slo 
041 0 |a eng 
044 |a SK 
245 1 0 |a KINEX, a.s.  |b analýza spoločnosti  |c aut. Robert Vlkolinský 
520 |a Charakteristika spoločnosti KINEX, a.s., Bytča. Predmetom výroby je strojárstvo - ložiská, špeciálne náradie, obrábacie stroje, meradlá atď. Aktíva a štruktúra pasív spoločnosti. Priaznivé hospodárske výsledky. 
610 2 0 |a analýza finančná 
610 2 0 |a podnik 
610 2 0 |a priemysel strojársky 
610 2 0 |a výsledok hospodársky 
610 2 0 |a Slovensko 
610 2 0 |a KINEX, a.s. Bytča 
610 2 0 |a 1999-2003 
100 1 |a Vlkolinský, Robert